[Event "Nezhmetdinov Memorial 34th"]
[Site "Kazan"]
[Date "2012.10.03"]
[Round "8.26"]
[White "Shkuro, Alexandr"]
[Black "Jusupov, Tabris"]
[Result "1-0"]
[WhiteElo "2030"]
[BlackElo "1954"]
[PlyCount "53"]
[EventDate "2012.09.25"]
[EventType "swiss"]
[EventRounds "9"]
[EventCountry "RUS"]
[SourceTitle "EXT 2022"]
[Source "ChessBase"]
[SourceDate "2021.10.06"]
[SourceVersion "1"]
[SourceVersionDate "2021.10.06"]
[SourceQuality "1"]

1. d4 Nf6 2. Nf3 d5 3. e3 e6 4. Be2 c5 5. 0-0 Nc6 6. Re1 cxd4 7. exd4 Bd6 8. c3 0-0 9. Bd3 b6 10. Bg5 Ne7 11. Ne5 Ng6 12. Nd2 Qc7 13. Ndf3 Nd7 14. Nxg6 hxg6 15. Bh4 Bb7 16. Bg3 Bxg3 17. fxg3 Rae8 18. Ne5 Nxe5 19. Rxe5 f6 20. Bxg6 fxe5 21. Qh5 Rf7 22. Qh7+ Kf8 23. Bxf7 Kxf7 24. Rf1+ Ke7 25. Qxg7+ Kd6 26. Rf7 Re7 27. dxe5+ 1-0

[Event "Nezhmetdinov Memorial 34th"]
[Site "Kazan"]
[Date "2012.10.01"]
[Round "6.28"]
[White "Bakunin, Damir"]
[Black "Jusupov, Tabris"]
[Result "0-1"]
[WhiteElo "2024"]
[BlackElo "1954"]
[PlyCount "140"]
[EventDate "2012.09.25"]
[EventType "swiss"]
[EventRounds "9"]
[EventCountry "RUS"]
[SourceTitle "EXT 2022"]
[Source "ChessBase"]
[SourceDate "2021.10.06"]
[SourceVersion "1"]
[SourceVersionDate "2021.10.06"]
[SourceQuality "1"]

1. e4 c6 2. d4 d5 3. e5 Bf5 4. Nc3 f6 5. g4 Bd7 6. h3 fxe5 7. dxe5 e6 8. Bd3 c5 9. Nf3 Nc6 10. Bxh7 Rxh7 11. Qd3 Rh6 12. Bxh6 Nxh6 13. Qg6+ Nf7 14. Nxd5 exd5 15. e6 Bxe6 16. Qxe6+ Qe7 17. Qxe7+ Bxe7 18. 0-0-0 0-0-0 19. Rhe1 Bf6 20. Re6 Kd7 21. Rde1 Rh8 22. h4 Bxh4 23. Nxh4 Rxh4 24. Rg6 Nce5 25. Rxg7 Rxg4 26. Rxg4 Nxg4 27. Rg1 Nge5 28. f4 Nf3 29. Rg7 Ke6 30. c3 Kf6 31. Rg8 Nh4 32. Ra8 a6 33. Rc8 c4 34. Rb8 Nd6 35. Rf8+ Ke7 36. Rh8 Ng6 37. Rh7+ Ke6 38. Rh6 Kf6 39. Kb1 Kg7 40. Rh1 Nxf4 41. Rf1 Ng6 42. Kc2 Ne7 43. b3 Nef5 44. Kb2 Kf6 45. Re1 Ng3 46. Rg1 Nge4 47. Rh1 Ke7 48. Rh7+ Nf7 49. Rh4 b5 50. Rg4 Kd7 51. Rg7 Ned6 52. Ka3 a5 53. Rg8 Nd8 54. Kb2 N8b7 55. Rg5 Kc6 56. Rg6 Kc5 57. Rh6 b4 58. Rh5 bxc3+ 59. Kxc3 Ne4+ 60. Kc2 c3 61. a3 Nd8 62. Kd3 Nc6 63. Rf5 Kd6 64. Rh5 Ne5+ 65. Kc2 d4 66. Rh6+ Kd5 67. Ra6 d3+ 68. Kc1 d2+ 69. Kc2 Nf2 70. Rxa5+ Kd4 0-1

[Event "Nezhmetdinov Memorial 34th"]
[Site "Kazan"]
[Date "2012.09.28"]
[Round "3.19"]
[White "Jusupov, Tabris"]
[Black "Gerasimov, Ivan"]
[Result "0-1"]
[WhiteElo "1954"]
[BlackElo "2330"]
[PlyCount "65"]
[EventDate "2012.09.25"]
[EventType "swiss"]
[EventRounds "9"]
[EventCountry "RUS"]
[SourceTitle "EXT 2022"]
[Source "ChessBase"]
[SourceDate "2021.10.06"]
[SourceVersion "1"]
[SourceVersionDate "2021.10.06"]
[SourceQuality "1"]

1. d4 Nf6 2. c4 e6 3. Nc3 Bb4 4. Nf3 0-0 5. e3 d6 6. Qb3 Bxc3+ 7. Qxc3 Nbd7 8. Be2 Qe7 9. 0-0 a5 10. Re1 e5 11. Bf1 e4 12. Nd2 Re8 13. Be2 Nf8 14. f3 Bf5 15. Nxe4 Nxe4 16. fxe4 Bxe4 17. Bd3 Ng6 18. Qc2 Qh4 19. g3 Qg4 20. Bxe4 Rxe4 21. Qg2 Rae8 22. Bd2 h5 23. Rf1 Qe6 24. b3 h4 25. Qf3 Rg4 26. d5 Qd7 27. Bc3 hxg3 28. hxg3 Nh4 29. Qf2 Rg5 30. Kh2 Nf5 31. Qf4 Rh5+ 32. Kg1 Nxe3 33. Rf3 0-1

[Event "Tatarstan-ch"]
[Site "Kazan"]
[Date "2011.12.21"]
[Round "9.21"]
[White "Jusupov, Tabris"]
[Black "Nizamov, Bulat"]
[Result "0-1"]
[WhiteElo "1970"]
[BlackElo "1750"]
[PlyCount "96"]
[EventDate "2011.12.13"]
[EventType "swiss"]
[EventRounds "9"]
[EventCountry "RUS"]
[SourceTitle "EXT 2022"]
[Source "ChessBase"]
[SourceDate "2021.10.06"]
[SourceVersion "1"]
[SourceVersionDate "2021.10.06"]
[SourceQuality "1"]

1. d4 d5 2. c4 c6 3. e3 Nf6 4. Nc3 e6 5. Nf3 Nbd7 6. Be2 dxc4 7. Bxc4 b5 8. Be2 Bb7 9. 0-0 a6 10. b3 c5 11. dxc5 Bxc5 12. Bb2 0-0 13. Rc1 Qe7 14. Qc2 Rac8 15. Qb1 Ba3 16. Rfd1 Bxb2 17. Qxb2 Nb6 18. b4 Nc4 19. Qb3 Nd5 20. a3 Nxc3 21. Rxc3 Bd5 22. Bxc4 Bxc4 23. Qc2 Qf6 24. Qc1 Rcd8 25. Rxd8 Rxd8 26. Nd2 g6 27. h3 Bd5 28. Rc8 Kg7 29. Rxd8 Qxd8 30. Qc3+ Qf6 31. Qxf6+ Kxf6 32. Kf1 Ke5 33. g3 h5 34. h4 Kf5 35. Ke2 e5 36. Kd3 Kg4 37. e4 Be6 38. Ke3 f5 39. exf5 gxf5 40. Nb1 f4+ 41. gxf4 exf4+ 42. Kd4 Bf5 43. Nc3 Kxh4 44. Ke5 Kg5 45. f3 h4 46. Nd1 h3 47. Nf2 h2 48. Nh1 Bh3 0-1

[Event "Tatarstan-ch op"]
[Site "Kazan"]
[Date "2009.08.21"]
[Round "2"]
[White "Jusupov, Tabris"]
[Black "Mirzanurov, Bulat"]
[Result "0-1"]
[WhiteElo "1989"]
[BlackElo "2312"]
[PlyCount "116"]
[EventDate "2009.08.20"]
[EventType "swiss"]
[EventRounds "9"]
[EventCountry "RUS"]
[SourceTitle "EXT 2010"]
[Source "ChessBase"]
[SourceDate "2010.11.25"]
[SourceVersion "1"]
[SourceVersionDate "2010.11.25"]
[SourceQuality "1"]

1. d4 Nf6 2. c4 c5 3. Nf3 cxd4 4. Nxd4 e5 5. Nf3 e4 6. Nd4 d5 7. e3 Bd6 8. Nc3 dxc4 9. Ndb5 Be5 10. Qxd8+ Kxd8 11. Bxc4 Ke7 12. Nd5+ Nxd5 13. Bxd5 f5 14. f4 Bf6 15. Bd2 Na6 16. Bc3 Bxc3+ 17. Nxc3 Nb4 18. Ke2 Be6 19. Bxe6 Kxe6 20. g4 g6 21. gxf5+ gxf5 22. Rhg1 Rhg8 23. Nb5 Rac8 24. Nd4+ Kf6 25. Kd2 Nd3 26. b3 Rcd8 27. Rg3 Rg6 28. Kc3 Rc8+ 29. Kd2 Rh6 30. Rg2 Rh3 31. Rh1 Nxf4 32. Rf2 Nh5 33. Rxf5+ Ke7 34. Rf2 Nf6 35. Rg1 Rd8 36. Rg7+ Kf8 37. Rxb7 Rxd4+ 38. exd4 e3+ 39. Ke2 exf2 40. Kxf2 Rxh2+ 41. Kg3 Rxa2 42. Kf4 Ra5 43. b4 Rd5 44. Rxa7 Rxd4+ 45. Ke5 Rd7 46. Ra6 Ng4+ 47. Kf5 Ne3+ 48. Ke6 Rb7 49. Ra3 Nc2 50. Rf3+ Kg7 51. Rg3+ Kh8 52. Kf6 Nxb4 53. Ra3 Nd5+ 54. Ke6 Nf4+ 55. Kf6 Rb8 56. Kg5 Rf8 57. Ra7 Kg8 58. Kh6 Ne6 0-1

[Event "Nezhmetdinov Memorial 31st"]
[Site "Kazan"]
[Date "2009.06.04"]
[Round "5"]
[White "Zainullina, Nataliya"]
[Black "Jusupov, Tabris"]
[Result "1/2-1/2"]
[WhiteElo "2127"]
[BlackElo "2017"]
[PlyCount "59"]
[EventDate "2009.05.31"]
[EventType "swiss"]
[EventRounds "9"]
[EventCountry "RUS"]
[SourceTitle "CBM 130 Extra"]
[Source "ChessBase"]
[SourceDate "2009.07.02"]
[SourceVersion "2"]
[SourceVersionDate "2009.07.15"]
[SourceQuality "1"]

1. e4 c6 2. d4 d5 3. Nc3 dxe4 4. Nxe4 Nf6 5. Nxf6+ exf6 6. c3 Bd6 7. Bd3 0-0 8. Qc2 g6 9. Ne2 Qc7 10. Bh6 Re8 11. h3 Bf4 12. Bxf4 Qxf4 13. 0-0 Qg5 14. Ng3 f5 15. Rfe1 Be6 16. Bc4 Qd8 17. Qb3 Bxc4 18. Qxc4 Nd7 19. Rxe8+ Qxe8 20. Kf1 Nf6 21. Re1 Qd7 22. Qc5 Nd5 23. Qc4 Re8 24. Rxe8+ Qxe8 25. Qe2 Qe6 26. Qxe6 fxe6 27. Ne2 Kf7 28. Ke1 Ke7 29. Kd2 Kd6 30. Kd3 1/2-1/2

[Event "Privolzhskogo FO-ch"]
[Site "Kazan"]
[Date "2009.01.29"]
[Round "9"]
[White "Jusupov, Tabris"]
[Black "Evteev, Alexey"]
[Result "0-1"]
[WhiteElo "2044"]
[BlackElo "1874"]
[PlyCount "100"]
[EventDate "2009.01.21"]
[EventType "swiss"]
[EventRounds "9"]
[EventCountry "RUS"]
[SourceTitle "EXT 2010"]
[Source "ChessBase"]
[SourceDate "2010.11.25"]
[SourceVersion "1"]
[SourceVersionDate "2010.11.25"]
[SourceQuality "1"]

1. e4 e6 2. d4 d5 3. e5 c5 4. c3 Nc6 5. Nf3 Qb6 6. Be2 cxd4 7. cxd4 Bb4+ 8. Nc3 Nge7 9. a3 Bxc3+ 10. bxc3 Bd7 11. Bf4 0-0 12. 0-0 Rac8 13. Rb1 Qc7 14. c4 dxc4 15. Bxc4 Ng6 16. Be3 Nce7 17. Bd3 Nd5 18. Qb3 Ngf4 19. Rfc1 Bc6 20. Bf1 Qe7 21. Bd2 Ng6 22. Bg5 Qd7 23. Bb5 Bxb5 24. Qxb5 Qxb5 25. Rxb5 Ngf4 26. Rxc8 Rxc8 27. Rc5 Rxc5 28. dxc5 Nd3 29. c6 bxc6 30. Kf1 h6 31. Bd2 c5 32. g3 Kf8 33. Ke2 c4 34. Be3 a6 35. Bd4 Nc1+ 36. Kd1 Nb3 37. Ba7 Ke8 38. Kc2 Kd7 39. Bb8 Kc6 40. Bd6 g6 41. Bf8 h5 42. Ng5 Nd4+ 43. Kd2 c3+ 44. Kd3 c2 45. Kd2 Nc3 46. a4 Kd5 47. f3 Kc4 48. Nxf7 Nb1+ 49. Kc1 Kc3 50. Nh6 Ne2# 0-1

[Event "Tatarstan-ch op"]
[Site "Kazan"]
[Date "2008.08.22"]
[Round "2"]
[White "Jusupov, Tabris"]
[Black "Zainutdinov, I."]
[Result "1/2-1/2"]
[WhiteElo "2092"]
[BlackElo "2089"]
[PlyCount "108"]
[EventDate "2008.08.21"]
[EventType "swiss"]
[EventRounds "9"]
[EventCountry "RUS"]
[SourceTitle "EXT 2010"]
[Source "ChessBase"]
[SourceDate "2010.11.25"]
[SourceVersion "1"]
[SourceVersionDate "2010.11.25"]
[SourceQuality "1"]

1. d4 Nf6 2. c4 e6 3. Nf3 b6 4. Nc3 Bb7 5. Qc2 c5 6. e3 Be7 7. dxc5 Bxc5 8. a3 0-0 9. Be2 d5 10. b4 Be7 11. cxd5 Nxd5 12. Nxd5 Bxd5 13. 0-0 Nd7 14. Bb2 Rc8 15. Qd2 Bf6 16. Rac1 Rc7 17. Rfd1 Qb8 18. Rxc7 Qxc7 19. Bxf6 Nxf6 20. Rc1 Qb8 21. Qc2 Bb7 22. Qc7 Qc8 23. Ne5 Nd5 24. Qxc8 Rxc8 25. Rxc8+ Bxc8 26. Nc6 a6 27. Bf3 Kf8 28. Bxd5 exd5 29. Kf1 Bb7 30. Nd4 g6 31. Ke2 Ke7 32. Kd3 Kd6 33. g3 Bc8 34. f4 Bh3 35. Nb3 Bf5+ 36. Kd4 Bc2 37. Nc1 Bf5 38. Ne2 f6 39. Nc3 Be6 40. e4 dxe4 41. Nxe4+ Ke7 42. a4 Bf5 43. Nc3 Be6 44. a5 bxa5 45. bxa5 Kd6 46. Ne4+ Kc6 47. Nxf6 h5 48. Ne4 Kb5 49. Nc5 Bf5 50. Nb7 Kc6 51. Nc5 Kb5 52. Nb7 Kc6 53. Nc5 Kb5 54. Nb7 Kc6 1/2-1/2

[Event "Nezhmetdinov Memorial 30th"]
[Site "Kazan"]
[Date "2008.06.08"]
[Round "8"]
[White "Bezgodova, Svetlana"]
[Black "Jusupov, Tabris"]
[Result "1-0"]
[WhiteElo "2213"]
[BlackElo "2092"]
[PlyCount "53"]
[EventDate "2008.06.01"]
[EventType "swiss"]
[EventRounds "9"]
[EventCountry "RUS"]
[SourceTitle "EXT 2009"]
[Source "ChessBase"]
[SourceDate "2008.11.26"]
[SourceVersion "1"]
[SourceVersionDate "2008.11.26"]
[SourceQuality "1"]

1. Nf3 d5 2. g3 c5 3. Bg2 Nc6 4. d4 Nf6 5. 0-0 cxd4 6. Nxd4 g6 7. c4 Bg7 8. Nc3 Nxd4 9. Qxd4 dxc4 10. Qxd8+ Kxd8 11. Rd1+ Nd7 12. Be3 e6 13. Rd2 Ke7 14. Rad1 Bxc3 15. bxc3 Nb6 16. Bc5+ Kf6 17. f4 Re8 18. Bd4+ Ke7 19. e4 f6 20. a4 Kf7 21. a5 Nd7 22. e5 f5 23. a6 Re7 24. axb7 Bxb7 25. Bxb7 Rb8 26. Ba6 Nb6 27. Bc5 1-0

[Event "Kazan Region-ch 6th"]
[Site "Kazan"]
[Date "2008.01.25"]
[Round "3"]
[White "Artemjev, Nikolay"]
[Black "Jusupov, Tabris"]
[Result "0-1"]
[WhiteElo "2095"]
[BlackElo "2094"]
[PlyCount "102"]
[EventDate "2008.01.23"]
[EventType "swiss"]
[EventRounds "9"]
[EventCountry "RUS"]
[SourceTitle "CBM 122 Extra"]
[Source "ChessBase"]
[SourceDate "2008.03.04"]
[SourceVersion "1"]
[SourceVersionDate "2008.03.04"]
[SourceQuality "1"]

1. d4 Nf6 2. c4 e6 3. Nc3 d5 4. a3 Be7 5. Nf3 0-0 6. h3 b6 7. Bf4 dxc4 8. Ne5 Nd5 9. Qd2 Nxc3 10. bxc3 b5 11. a4 c6 12. g4 f6 13. Nf3 Bd6 14. h4 Qc7 15. Bxd6 Qxd6 16. g5 Nd7 17. Rg1 Nb6 18. e4 f5 19. a5 fxe4 20. Ne5 Nd7 21. Ng4 c5 22. h5 cxd4 23. g6 Ne5 24. Be2 Nxg4 25. Rxg4 e5 26. gxh7+ Kxh7 27. Rg6 Rf6 28. Qg5 Qf8 29. Qxe5 Bf5 30. Rxf6 Qxf6 31. Qxd4 Qxd4 32. cxd4 a6 33. Kd2 g5 34. hxg6+ Kxg6 35. Ke3 Kf6 36. Rh1 Rc8 37. Rh6+ Kg5 38. Rxa6 c3 39. Bd1 c2 40. Bxc2 Rxc2 41. d5 b4 42. d6 b3 43. Rb6 Rc3+ 44. Kd4 Rf3 45. a6 Rxf2 46. Rxb3 Ra2 47. Rb6 Kf4 48. Kd5 e3 49. Rb4+ Kf3 50. Ke5 e2 51. Kxf5 e1Q 0-1

[Event "Kazan Region-ch 6th"]
[Site "Kazan"]
[Date "2008.01.24"]
[Round "2"]
[White "Jusupov, Tabris"]
[Black "Gerasimov, Ivan"]
[Result "1/2-1/2"]
[WhiteElo "2094"]
[BlackElo "2289"]
[PlyCount "80"]
[EventDate "2008.01.23"]
[EventType "swiss"]
[EventRounds "9"]
[EventCountry "RUS"]
[SourceTitle "CBM 122 Extra"]
[Source "ChessBase"]
[SourceDate "2008.03.04"]
[SourceVersion "1"]
[SourceVersionDate "2008.03.04"]
[SourceQuality "1"]

1. e4 c5 2. Nf3 d6 3. d4 cxd4 4. Nxd4 Nf6 5. Nc3 a6 6. Be2 e5 7. Nb3 Be7 8. 0-0 0-0 9. Be3 Be6 10. f4 Qc7 11. f5 Bc4 12. Bxc4 Qxc4 13. Qd3 Qxd3 14. cxd3 Nbd7 15. h3 b5 16. g4 h6 17. a4 b4 18. Ne2 d5 19. Ng3 Rfc8 20. Rac1 Ne8 21. Rxc8 Rxc8 22. Rc1 Rxc1+ 23. Nxc1 Bh4 24. Kg2 Nef6 25. exd5 Nxd5 26. Bd2 Nc5 27. b3 Bxg3 28. Kxg3 Kf8 29. f6 g5 30. h4 e4 31. hxg5 hxg5 32. Bxg5 exd3 33. Kf3 Nxf6 34. Nxd3 Nxd3 35. Bxf6 Nc5 36. Ke3 Nxb3 37. Kd3 Na5 38. Kd4 Ke8 39. Kc5 Kd7 40. Kxb4 Nb7 1/2-1/2

[Event "Tatarstan-ch op"]
[Site "Kazan"]
[Date "2007.08.22"]
[Round "3"]
[White "Letunovsky, Alexander"]
[Black "Jusupov, Tabris"]
[Result "1-0"]
[WhiteElo "2325"]
[BlackElo "2117"]
[PlyCount "69"]
[EventDate "2007.08.20"]
[EventType "swiss"]
[EventRounds "9"]
[EventCountry "RUS"]
[SourceTitle "EXT 2009"]
[Source "ChessBase"]
[SourceDate "2008.11.26"]
[SourceVersion "1"]
[SourceVersionDate "2008.11.26"]
[SourceQuality "1"]

1. d4 Nf6 2. Nf3 d5 3. c4 e6 4. Nc3 Be7 5. Bg5 Nbd7 6. e3 0-0 7. Qc2 c6 8. Bd3 dxc4 9. Bxc4 Nd5 10. Bxe7 Qxe7 11. Nxd5 exd5 12. Bd3 h6 13. 0-0 Nf6 14. Rab1 Ne4 15. b4 a6 16. a4 Nd6 17. b5 axb5 18. axb5 Nxb5 19. Bxb5 cxb5 20. Rxb5 Be6 21. Qb2 Rfb8 22. Ne5 Qd8 23. Rxb7 Rxb7 24. Qxb7 Rb8 25. Nc6 Rxb7 26. Nxd8 Rb2 27. Rc1 Bd7 28. h4 Kf8 29. Rc7 Be6 30. Nxe6+ fxe6 31. g4 Re2 32. Kf1 Ra2 33. Kg2 Re2 34. Kg3 Kg8 35. Re7 1-0

[Event "Nezhmetdinov Memorial 28th"]
[Site "Kazan"]
[Date "2006.06.07"]
[Round "7"]
[White "Jakovenko, Igor"]
[Black "Jusupov, Tabris"]
[Result "0-1"]
[WhiteElo "2234"]
[BlackElo "2084"]
[PlyCount "86"]
[EventDate "2006.06.01"]
[EventType "swiss"]
[EventRounds "9"]
[EventCountry "RUS"]
[SourceTitle "CBM 112 Extra"]
[Source "ChessBase"]
[SourceDate "2006.07.14"]
[SourceVersion "1"]
[SourceVersionDate "2006.07.14"]
[SourceQuality "1"]

1. e4 c6 2. d4 d5 3. exd5 cxd5 4. c4 Nf6 5. Nc3 e6 6. c5 b6 7. b4 a5 8. Na4 Nfd7 9. Bb5 bxc5 10. bxc5 Bb7 11. Nb6 Ra7 12. Nxd7 Nxd7 13. c6 Bb4+ 14. Bd2 Qb6 15. cxd7+ Kd8 16. a4 Qxd4 17. Bxb4 Qxb4+ 18. Qd2 Qxd2+ 19. Kxd2 Ba6 20. Nf3 Bxb5 21. axb5 Kxd7 22. Ne5+ Kd6 23. Nd3 Rb8 24. Rab1 Rab7 25. Rbc1 Rxb5 26. Rc2 Rb1 27. Rxb1 Rxb1 28. f4 f6 29. g4 Rg1 30. h3 Rg3 31. Rb2 Rg2+ 32. Ke3 Rxb2 33. Nxb2 Kc5 34. h4 Kb4 35. Kd4 a4 36. Nd3+ Kb5 37. f5 a3 38. fxe6 a2 39. Kxd5 a1Q 40. e7 Qa2+ 41. Kd6 Qa3+ 42. Ke6 Qb3+ 43. Kd7 Qxd3+ 0-1

[Event "Nezhmetdinov Memorial 28th"]
[Site "Kazan"]
[Date "2006.06.03"]
[Round "3"]
[White "Amirkhanov, Roustem"]
[Black "Jusupov, Tabris"]
[Result "1-0"]
[WhiteElo "2246"]
[BlackElo "2084"]
[PlyCount "48"]
[EventDate "2006.06.01"]
[EventType "swiss"]
[EventRounds "9"]
[EventCountry "RUS"]
[SourceTitle "CBM 112 Extra"]
[Source "ChessBase"]
[SourceDate "2006.07.14"]
[SourceVersion "1"]
[SourceVersionDate "2006.07.14"]
[SourceQuality "1"]

1. Nf3 d5 2. g3 c5 3. Bg2 Nc6 4. d4 e6 5. 0-0 Nf6 6. c4 dxc4 7. Qa4 Qa5 8. Qxc4 Qb4 9. Qxb4 Nxb4 10. Na3 Be7 11. Bd2 Nbd5 12. Rfc1 b6 13. dxc5 Bxc5 14. Ne5 Bb7 15. Nb5 0-0 16. Nd3 Be7 17. e4 Rad8 18. exd5 Bxd5 19. Bf1 Be4 20. Bb4 Bxb4 21. Nxb4 Rd2 22. Nc3 Rxb2 23. Nxe4 Rxb4 24. Nxf6+ gxf6 1-0